| 000 | 00831nam a2200229 i 4500 | ||
|---|---|---|---|
| 001 | 186095 | ||
| 003 | SpMaBN | ||
| 005 | 20230906222604.0 | ||
| 008 | 160907s1984 sp |||| |dspa d | ||
| 020 | _a84-276-0678-8 | ||
| 080 | _a821.124-14"-00" | ||
| 100 | 1 |
_aOvidio Nasón, Publio. _988013 |
|
| 245 | 1 | 0 |
_aFastos / _cPublio Ovidio Nasón ; edición preparada por M.A. Marcos Casquero. |
| 260 |
_aMadrid : _bEditora Nacional, _c[1984] |
||
| 300 |
_a446 p. ; _c18 cm. |
||
| 490 | 1 |
_aBiblioteca de la literatura y el pensamiento universales ; _v59 |
|
| 504 | _aBibliografía: p. 439-440. | ||
| 700 | 1 |
_aMarcos Casquero, Manuel Antonio. _976523 |
|
| 830 | 0 |
_aBiblioteca de la literatura y el pensamiento universales ; _v59 _9182217 |
|
| 852 |
_aES-MaACL _jL-30643 _z. - Donat. Miguel A. Velasco |
||
| 999 |
_c186095 _d186095 |
||